An Introduction to Sports Management and Curriculum Design in Phsyical Education/ (Record no. 198600)
[ view plain ]
| 000 -LEADER | |
|---|---|
| fixed length control field | 00671nam a22001697a 4500 |
| 005 - DATE AND TIME OF LATEST TRANSACTION | |
| control field | 20230927123057.0 |
| 020 ## - INTERNATIONAL STANDARD BOOK NUMBER | |
| International Standard Book Number | 9789390649198 |
| Terms of availability | 995.00 |
| 082 ## - DEWEY DECIMAL CLASSIFICATION NUMBER | |
| Classification number | 796.069 |
| Edition number | First |
| 100 ## - MAIN ENTRY--PERSONAL NAME | |
| Personal name | Mishra, Sakti Ranjan |
| 245 ## - TITLE STATEMENT | |
| Title | An Introduction to Sports Management and Curriculum Design in Phsyical Education/ |
| Statement of responsibility, etc | by Sakti Ranjan Mishra and Badshah Ghosh |
| 250 ## - EDITION STATEMENT | |
| Edition statement | First |
| 260 ## - PUBLICATION, DISTRIBUTION, ETC. (IMPRINT) | |
| Place of publication, distribution, etc | New Delhi |
| Name of publisher, distributor, etc | Friends Publication |
| Date of publication, distribution, etc | 2021 |
| 270 ## - ADDRESS | |
| Address | 101, 4787/23, Ansari Road, Daryaganj |
| City | New Delhi |
| Postal code | 110002 |
| Electronic mail address | friendspublicationsindia@gmail.com |
| 300 ## - PHYSICAL DESCRIPTION | |
| Extent | 242p. |
| Dimensions | 25cm(hbk) |
| 942 ## - ADDED ENTRY ELEMENTS (KOHA) | |
| Source of classification or shelving scheme | Dewey Decimal Classification |
| Item type | English Books |
| Classification part | 796.069 |
| Call number suffix | MIS |
| Withdrawn status | Lost status | Not for loan | Collection code | Home library | Current library | Date acquired | Source of acquisition | Cost, normal purchase price | Full call number | Barcode | Copy number | Cost, replacement price | Koha item type |
|---|---|---|---|---|---|---|---|---|---|---|---|---|---|
| Non-fiction | Mobile Library | Mobile Library | 27/09/2023 | GIFT/4.09.23 | 995.00 | 796.069 MIS | B-755885 | 1 | 995.00 | English Books |
